1359 1771 1790 1791 1933 1762 1318 1600 1764 1431 1020 1470 1865 1929 1435 1468 1843 1358 1002 1904 1685 1123 1585 1843 1630 1002 1033 1184 1927 1466 1161 1155 1172 1635 1664 1110 1204 1351 1958 1137 1467 1237 1614 1399 1536 1902 1798 1700 1571 1145 1874 1583 1490 1868 1128 1035 1145 1096 1696 1299 1359 1928 1257 1127 1963 1062 1530 1915 1580 1468 1787 1303 1777 1692 1895 1703 1190 1411 1257 1275 1812 1055 1984 1362 1752 1271 1333 1470 1975 1582 1151 1122 1916 1790 1071 1393 1402 1225 1419 BCNSPRNW ULIB Ver.6.0+V

เปลี่ยนเป็นภาษาไทย

Change to English
 แสดงรายละเอียดบรรณานุกรม
  กลับหน้าหลัก

Brief Record : Get Marc (ISO 2709) : E-mail record : QR code < ปิดหน้าต่าง
LEADER : 00000nam 2200000uu 4500
001    13399108017
003     ULIB
008    110215s2552||||th 000 0 tha d
060  4 WY160.5^bส837ก 2552
100 0  สุภา ยิ่งยงเมธี
245 00 การพยาบาลผู้ป่วยภาวะความดันในกะโหลกศีรษะสูง/^cสุภา ยิ่งยงเมธี
260    นครสวรรค์:^bวิทยาลัยพยาบาลบรมราชชนนี สวรรค์ประชารักษ์ นครสวรรค์.^c2552
300    91 หน้า
650  7 ความดันกะโหลกศีรษะสูง^xการพยาบาล
650  7 ระบบประสาท^xการพยาบาล
710 2  กระทรวงสาธารณสุข^bสถาบันพระบรมราชชนก^bวิทยาลัยพยาบาลบรมราชชนนี สวรรค์ประชารักษ์ นครสวรรค์
945    ^p0^l0^i026651
995    ทศพร
999 ^a ใช้งานได้ทุกระบบ
รายการนี้ยังไม่มีแท็ก
คุณยังไม่ได้ล็อกอิน คุณสามารถมีกิจกรรมร่วมกับเว็บไซต์ได้ แต่ต้องล็อกอินก่อน ::
  ล็อกอิน

รายการสื่อสารสนเทศ

ลำดับที่ ประเภท เลขเรียก/บาร์โค้ด สถานที่ สถานะ
- ไม่พบข้อมูล -

รายการใกล้เคียง
    ผู้แต่ง [สุภา ยิ่งยงเมธี]

BibComment


ยังไม่เคยถูกคอมเมนท์

คอมเมนท์ทรัพยากรรายการนี้
  คอมเมนท์: การพยาบาลผู้ป่วยภ..


 Copyright 2026. Bcnsprnw @Library